| 000 | 00867nam a22002297a 4500 | ||
|---|---|---|---|
| 003 | 0 | ||
| 005 | 20250829152834.0 | ||
| 008 | 250829b xxu||||| |||| 00| 0 eng d | ||
| 020 | _a978-1-284-22439-9 | ||
| 050 |
_aGV 711 _b.S73 2023 |
||
| 100 |
_aStanley, Christopher, _eauthor. |
||
| 245 |
_aReach every athlete : _ba guide to coaching players with hidden disabilities and conditions / _cChristopher Stanley and Timothy Baghurst. |
||
| 260 |
_aBurlington, MA : _bWorld Headquarters, Jones & Barlett Learning, _c2023. |
||
| 300 |
_axv, 132 pages : _billustrations ; _c23 cm. |
||
| 504 | _aIncludes bibliographical references and index. | ||
| 650 | _aCoaching (Athletics). | ||
| 650 | _aAthletes with disabilities. | ||
| 650 | _aSports for people with disabilities. | ||
| 650 | _aInclusive education. | ||
| 700 |
_aBaghurst, Timothy, _eauthor. |
||
| 942 |
_2lcc _cBK |
||
| 999 |
_c367694 _d367694 |
||